<?xml version="1.0" encoding="UTF-8"?><?xml-stylesheet type="text/xsl" href="static/style.xsl"?><OAI-PMH xmlns="http://www.openarchives.org/OAI/2.0/" xmlns:xsi="http://www.w3.org/2001/XMLSchema-instance" xsi:schemaLocation="http://www.openarchives.org/OAI/2.0/ http://www.openarchives.org/OAI/2.0/OAI-PMH.xsd"><responseDate>2026-06-01T20:42:55Z</responseDate><request verb="GetRecord" identifier="oai:riuma.uma.es:10630/39630" metadataPrefix="marc">https://riuma.uma.es/rest/oai/request</request><GetRecord><record><header><identifier>oai:riuma.uma.es:10630/39630</identifier><datestamp>2026-02-03T12:18:49Z</datestamp><setSpec>com_10630_2254</setSpec><setSpec>col_10630_37959</setSpec></header><metadata><record xmlns="http://www.loc.gov/MARC21/slim" xmlns:dcterms="http://purl.org/dc/terms/" xmlns:doc="http://www.lyncode.com/xoai" xmlns:xsi="http://www.w3.org/2001/XMLSchema-instance" xsi:schemaLocation="http://www.loc.gov/MARC21/slim http://www.loc.gov/standards/marcxml/schema/MARC21slim.xsd">
   <leader>00925njm 22002777a 4500</leader>
   <datafield ind2=" " ind1=" " tag="042">
      <subfield code="a">dc</subfield>
   </datafield>
   <datafield ind2=" " ind1=" " tag="720">
      <subfield code="a">Arias-Maldonado, Manuel Jesús</subfield>
      <subfield code="e">author</subfield>
   </datafield>
   <datafield ind2=" " ind1=" " tag="260">
      <subfield code="c">2025</subfield>
   </datafield>
   <datafield ind2=" " ind1=" " tag="520">
      <subfield code="a">Whereas Ulrich Beck suggested that modern societies have become «risk societies», it has been recently proposed that we now live in the «Anthropocene», namely a historical epoch in which humanity turns into a global environmental agent. In both accounts, tehnology plays a key role. However, political theory —including environmental political theory— has overlooked the crucial subject of technological change. How does it happen? Can we control or direct it? Whereas radical environmentalism typically responds with a rejection of technology on normative grounds, aiming at reducing the number of technologies on which societies rely and mostly defending some version of degrowth, ecomodernism decidedly bets on the design and development of new technologies — those that are capable of delivering both mitigation and adaptation of climate change while not impinging on neither economic growth or nature's preservation. Nevertheless, the political dimension of technology remains unexplained. Can we have democratic monitoring and technological change? That is the subject of this paper, which will proceed by offering an overview of the subject before discussing the trilemma of technological change: efficiency, democracy, and social consensus cannot be secured at the same time.</subfield>
   </datafield>
   <datafield ind1="8" ind2=" " tag="024">
      <subfield code="a">https://hdl.handle.net/10630/39630</subfield>
   </datafield>
   <datafield tag="653" ind2=" " ind1=" ">
      <subfield code="a">Cambios climáticos</subfield>
   </datafield>
   <datafield tag="653" ind2=" " ind1=" ">
      <subfield code="a">Naturaleza - Efectos del hombre</subfield>
   </datafield>
   <datafield tag="653" ind2=" " ind1=" ">
      <subfield code="a">Política</subfield>
   </datafield>
   <datafield tag="653" ind2=" " ind1=" ">
      <subfield code="a">Democracia</subfield>
   </datafield>
   <datafield tag="653" ind2=" " ind1=" ">
      <subfield code="a">Ecología</subfield>
   </datafield>
   <datafield ind2="0" ind1="0" tag="245">
      <subfield code="a">The politics of technology in the Anthropocene.</subfield>
   </datafield>
</record>
</metadata></record></GetRecord></OAI-PMH>